Women in the Agrarian Struggles of North Malabar: Narratives of resilience and fortitude (Record no. 523866)

000 -LEADER
fixed length control field 01478nam a22001577a 4500
008 - FIXED-LENGTH DATA ELEMENTS--GENERAL INFORMATION
fixed length control field 231010b ||||| |||| 00| 0 eng d
100 ## - MAIN ENTRY--PERSONAL NAME
Personal name Sreevidhya, V.
245 ## - TITLE STATEMENT
Title Women in the Agrarian Struggles of North Malabar: Narratives of resilience and fortitude
260 ## - PUBLICATION, DISTRIBUTION, ETC. (IMPRINT)
Place of publication, distribution, etc Social Scientist
300 ## - PHYSICAL DESCRIPTION
Extent 51(7-8), Jul-Aug, 2023: p.17-28
520 ## - SUMMARY, ETC.
Summary, etc This study focuses on the role of women in the agrarian struggles of North Malabar, in the present state of Kerala. “Though women played an important part in these, little attenuation has been paid to their crucial rule and struggles in the written histories of tenant struggles against landlords in the traditional agrarian system, women’s labour comprised a substantial part of agricultural labour input, especially in the north Malabar region, which, which was the centre of sustained struggles of the verumpattakar or tenths. The extensive participation of women labourers n these agrarian struggles throws up several question. North Malabar is a region where women’s activism stagyed alive even after the 1940s, and where women’s organizations have had a mass following from then to the present day. In this region, where radical and national politics took deep roots and wields considerable influence even to this day, these linkage need further exploration. – Reproduced
650 ## - SUBJECT ADDED ENTRY--TOPICAL TERM
Topical term or geographic name as entry element Women in the Agrarian, North Malabar
9 (RLIN) 44082
773 ## - HOST ITEM ENTRY
Main entry heading Social Scientist
906 ## - LOCAL DATA ELEMENT F, LDF (RLIN)
Subject DIP WOMEN
942 ## - ADDED ENTRY ELEMENTS (KOHA)
Item type Articles
Holdings
Withdrawn status Lost status Source of classification or shelving scheme Damaged status Not for loan Permanent location Current location Date acquired Serial Enumeration / chronology Barcode Date last seen Koha item type
          Indian Institute of Public Administration Indian Institute of Public Administration 2023-10-10 51(7-8), Jul-Aug, 2023: p.17-28 AR129748 2023-10-10 Articles

Powered by Koha